000 00607nam a2200217 a 4500
999 _c5973
_d5973
001 5973
003 BD-JhCC
005 20190714134018.0
008 171231s2014 b ||||| |||| 00| 0 ben d
035 _a(BD-JhCC)
040 _aBD-JhCC
_dBD-JhCC
041 _aeng
082 _a891.4435
_bIQU 2014
100 _aইকবাল, মুহম্মদ জাফর
245 _aও /
_cমুহম্মদ জাফর ইকবাল
260 _aঢাকা :
_b অনন্যা ,
_c২০১৪
300 _a91 p. :
_c22 cm.
650 _aBengali Stories
942 _2ddc
_cBK
_06